| 000 | 00978nam a2200289 i 4500 | ||
|---|---|---|---|
| 001 | bg | ||
| 003 | BPK | ||
| 005 | 20200817141658.0 | ||
| 008 | 000518s1999 pl a f f |000 0 pol | ||
| 015 | _aPB 2000/10126 | ||
| 020 | _a837242067X | ||
| 040 |
_aWA N _cBPK |
||
| 041 | 0 | _apol | |
| 080 | _a531/534 | ||
| 080 | _a(075.8) | ||
| 100 | 1 |
_aPaluch, Marian _d(1942- ) _eAutor |
|
| 245 | 1 | 0 |
_aMechanika teoretyczna : _bpodręcznik dla studentów wyższych szkół technicznych / _cMarian Paluch ; Politechnika Krakowska im. Tadeusza Kościuszki. |
| 250 | _aWyd. 6. | ||
| 260 |
_aKraków : _bPK, _c1999. |
||
| 300 |
_a324 s. : _bil. ; _c24 cm. |
||
| 504 | _aBibliogr. | ||
| 655 | 4 | _aPodręczniki akademickie | |
| 650 | 4 | _aMechanika | |
| 710 | 2 |
_aPolitechnika Krakowska im. Tadeusza Kościuszki _4pbl. |
|
| 856 |
_uhttp://koha.tu.koszalin.pl/cgi-bin/koha/opac-detail.pl?biblionumber=37672 _yKatalog online BPK |
||
| 942 |
_2UKD _cKS |
||
| 999 |
_c37672 _d37672 |
||